000 00536nam a2200205Ia 4500
003 OSt
005 20220926024419.0
006 a|||||r|||| 00| 0
007 ta
008 220923b |||||||| |||| 00| 0 eng d
037 _cGeneral Book
040 _aRTL
_cRTL
_beng
041 _2eng
_aeng
082 _aX:92z7, H8/SC
245 0 _aEconomics of full employment
260 _aOxford
_bBasil Blackwell
_c1948
300 _avii,213p.
_ccm.
942 _hX:92z7, H8/SC
_cGB
_2CC
999 _c644137
_d644137